LEADER 00783naa a2200217 u 4500 001 000000096885 003 CaOOAMICUS 005 20070226130148.0 008 050214s1971 au u000 u ger u 020 $a3222106681 035 $a11027619 040 $aIAR$bita 100 1 $aHorkheimer, Max,$d1895-1973.$0(OLS)http://pul/name/14802 245 10$aBemerkungen zur Liberalisierung der Religion /$cMax Horkheimer. 260 $aGraz :$bStyria,$c1971. 300 $aS. 113-119 ;$c19 cm 773 0 $aHat die Religion Zukunft ? 773 0 $tHat die Religion Zukunft ?$w()70897 996 $6020$a3222106681$9(OLS)http://pul/number/91654 996 $6245$aBemerkungen zur Liberalisierung der Religion$9(OLS)http://pul/title/123767 996 $6260$aGraz :$bStyria$9(OLS)http://pul/publisher/50556 LEADER 00944nam a2200229 u 4500 001 000000049829 003 CaOOAMICUS 005 20070226115144.0 008 000713s1797 fr u000 u fre u 035 $a10852146 040 $aPUL(R)$bita 100 1 $aRousseau, Jean-Jacques,$d1712-1778.$0(OLS)http://pul/name/9887 245 10$aDu contrat social, ou Principes du droit politique /$cpar J. J. Rousseau, citoyen de Genève. 260 $aGenève :$b[s.n.],$c1797. 300 $a4, 212 p. ;$c22 cm 650 4$aIlluminismo.$0(OLS)http://pul/subject/1898 850 $aPUL 852 $aPUL$W1$xDP1 Antico 700$y26$m1516 F 15$j66136$nBK-PRI$b $qStampati Antico$B66136$CPULBib$Z2$F66136 $H $81 941 1 $a15 961 $aINV: 4039 F. Maccarrone 996 $6245$aDu contrat social, ou Principes du droit politique$9(OLS)http://pul/title/67133 996 $6260$aGenève :$b[s.n.]$9(OLS)http://pul/publisher/64248